| 000 | 00593nam a22001937a 4500 | ||
|---|---|---|---|
| 003 | DO-SdBNP | ||
| 005 | 20220607135017.0 | ||
| 008 | 220607b2008 dr |||| |||| 00| 0 spa d | ||
| 020 | _a9945130617 | ||
| 040 |
_aBPMSU _bspa _cBPMSU |
||
| 082 | _aC355c 2008 | ||
| 100 |
_aCastro Burdiez, Tomás _d1959- |
||
| 245 |
_aCaperucita de ida y vuelta / _cTomás Castro Burdiez, Marcio Veloz Maggiolo; ilustrador Grupo Collage |
||
| 260 |
_aSanto Domingo: _bMediabyte _c2008 |
||
| 300 |
_a85,50p; _bil; _c22cm |
||
| 563 | _aPaginación invertida | ||
| 700 | _aVeloz Maggiolo, Marcio | ||
| 942 |
_2ddc _cBK |
||
| 999 |
_c14224 _d14224 |
||